00534nam a22001697a 450000500170000001000150001702000260003203500130005803700130007108200080008410000200009224500460011226000330015827001030019130000200029450000500031420150615155000.0 aENG-113069 a9788193052723c695.00 aEN-96601 bDBAD/PUB a920 aSunjoy K.Singh  aMaharaja Ranjit Singhcby Sunjoy K. Singh aNew DelhibLenin Mediac2015 a204-205, IInd Floor, Durga Complex Centre Shoping Complex Mayur Vihar, Phase-IIbNew Delhie110091 a237p.c22cm(Hb) aIncludes bibliographical references and index